Main Battle Tank- Countries - Statistics

General Stats
  • This quiz has been taken 2,850 times
  • The average score is 12 of 15
Answer Stats
Hint Answer % Correct
AMX Leclerc France
99%
T-90 Russia
97%
M1 Abrams United States of America
97%
Challenger 2 United Kingdom
96%
Type 99 China
95%
Type 74 Japan
93%
Merkava Israel
89%
C1 Ariete Italy
86%
Arjun MBT India
79%
T-84 Ukraine
68%
PT-91 Twardy Poland
67%
Zulfiqar MBT Iran
65%
Chonma-ho North Korea
64%
Altay Turkey
61%
M-95 Degman Croatia
34%
No matching quizzes found
Score Distribution
Percent of People with Each Score
Percentile by Number Answered
Your Score History
You have not taken this quiz